El silabario del cristianismo
Salvato in:
| Autore principale: | |
|---|---|
| Natura: | Libro |
| Lingua: | spagnolo |
| Pubblicazione: |
Buenos Aires
Difusion
1944
|
| Soggetti: | |
| Tags: |
Aggiungi Tag
Nessun Tag, puoi essere il primo ad aggiungerne!!
|
MARC
| LEADER | 00000nam a2200000 a 4500 | ||
|---|---|---|---|
| 001 | UCZ5342 | ||
| 003 | CL-VaPUC | ||
| 008 | 951117e19440000AG |||||||||||||||||spa|d | ||
| 082 | 0 | 4 | |a 241 |b OLG |2 21 |
| 100 | |a Olgiati, Francisco |e autor |9 579106 | ||
| 245 | 1 | 3 | |a El silabario del cristianismo |
| 300 | |a 319 p | ||
| 942 | |c BK | ||
| 945 | |d 19951117 00:00:00 |a lriquelm | ||
| 260 | |a Buenos Aires |b Difusion |c 1944 | ||
| 650 | 0 | |a Teología |9 258766 | |
| 650 | 0 | |a Conceptos morales |9 310606 | |
| 650 | 0 | |a Comportamiento moral |9 334569 | |
| 650 | 0 | |a Creencia Religiosa |9 316904 | |
| 650 | 0 | |a Amor |9 257817 | |
| 650 | 0 | |a Muerte |9 265114 | |
| 583 | |a last modification |c 19951117 00:00:00 |k Rodrigo Vera | ||
| 999 | |c 241660 |d 241658 | ||
| 952 | |0 0 |1 0 |4 0 |6 241_000000000000000_OLG_1944 |7 0 |8 P |9 254052 |a BIBEDU |b BIBEDU |c BIBEDU_PB |d 2019-11-19 |i 1571737 |o 241 OLG 1944 |p 1571737 |r 2024-01-25 |w 2019-11-19 |y BK |k FIL | ||